| 000 | 00487nam a2200133Ia 4500 | ||
|---|---|---|---|
| 005 | 20260209120144.0 | ||
| 008 | 260209s9999||||xx |||||||||||||| ||und|| | ||
| 100 | _aAtharv Arya | ||
| 245 | 0 | _aLucidity bent to make way for perplexity : a corporate social responsibility analysis | |
| 260 |
_aBangaloreBangalore _bNLSIU, Bangalore _c2021 |
||
| 300 | _a27 p. ; 25 cm. | ||
| 700 | _aProf. Rahul Singh - GuideProf. Rahul Singh - Guide | ||
| 856 | _uhttps://dans.nls.ac.in/handle/123456789/859 | ||
| 999 |
_c217495 _d217495 |
||